Statistics for Largest towns in Oxfordshire

Click here to take the quiz!

General Stats

  • This quiz has been taken 99 times
  • The average score is 9 of 20

Answer Stats

PopulationTown% Correct
150,200Oxford
99%
33,130Abingdon-on-Thames
79%
46,853Banbury
79%
32,642Bicester
71%
25,140Didcot
67%
27,522Witney
67%
11,619Henley-on-Thames
55%
11,561Thame
51%
11,600Wallingford
49%
11,327Wantage
49%
6,337Chipping Norton
45%
15,769Carterton
36%
13,723Kidlington
36%
4,648Eynsham
29%
7,121Faringdon
22%
7,178Grove
21%
4,076Kennington
16%
4,754Benson
14%
5,924Chinnor
14%
4,092Wheatley
14%

Score Distribution

Percentile by Number Answered

Percent of People with Each Score

Your Score History

You have not taken this quiz